Cities in California quiz - Statistics

General Stats
  • This quiz has been taken 15 times
  • The average score is 8 of 15
Answers on the Grid
Answers color-coded by a green-red scale on the quiz's grid according to % correct below.
San Jose
Lakewood
Modesto
Carson City
San Juan
Sacramento
Oakland
Savannah
Spokane
Fontana
Puebla
Chico
Grand Junction
Ontario
Long Beach
Sarasota
Santa Rosa
Los Angeles
Moreno Valley
Ocala
Anaheim
Mesa
Amarillo
Fresno
San Francisco
Miramar
Charleston
Orlando
Irvine
Baton Rouge
 
Answer Stats
Answer % Correct
San Jose
100%
Sacramento
67%
Anaheim
58%
Long Beach
58%
Los Angeles
58%
Oakland
58%
San Francisco
58%
Santa Rosa
58%
Fontana
50%
Fresno
50%
Irvine
50%
Modesto
50%
Chico
42%
Moreno Valley
42%
Ontario
42%
No matching quizzes found
Score Distribution
Percent of People with Each Score
Percentile by Number Answered
Your Score History
You have not taken this quiz